All roblox games in find the roblox games - Statistics

General Stats
  • This quiz has been taken 17 times
    7 since last reset
  • The average score is 15 of 172
Answer Stats
Answer % Correct
Adopt Me
86%
Tower of hell
57%
Brookhaven
43%
DOORS
43%
Grow a garden
43%
Steal a brainrot
43%
Work at a pizza place
43%
3008
29%
99 Nights In The Forest
29%
Bee Swarm Simulator
29%
Blox fruits
29%
Clone tycoon 2
29%
Dress to impress
29%
Epic Minigames
29%
Evade
29%
Flee the facility
29%
Forsaken
29%
Hide and seek extreme
29%
Meepcity
29%
Murder mystery 2
29%
Ninja legends
29%
Piggy
29%
Restaurant tycoon 2
29%
RIVALS
29%
Roblox
29%
Tower defense simulator
29%
Welcome to bloxburg
29%
Arsenal
14%
Barry's prison run
14%
Bedwars
14%
Blox hunt
14%
Break In
14%
Broken bones IV
14%
Build a boat for treasure
14%
Camping
14%
Catalog avatar creator
14%
Cheese escape
14%
Color block
14%
Dead rails
14%
Doomspire brickbattle
14%
Find the markers
14%
Fisch
14%
[FREE ADMIN]
14%
Gacha online
14%
Horrific housing
14%
Infectious smile
14%
Ink game
14%
Insane elevator
14%
Islands
14%
Jailbreak
14%
Livetopia
14%
Natural disaster survival
14%
Obby But You’re On a Bike
14%
Pet simulator 99
14%
Pet simulator X
14%
Prison life
14%
Ragdoll engine
14%
Rainbow friends
14%
Slap battles
14%
Sonic speed simulator
14%
Speed Run 4
14%
Spider
14%
Super hero tycoon
14%
The floor is lava
14%
The Strongest Battlegrounds
14%
Toilet tower defense
14%
TTD 3
14%
Volleyball legends
14%
Wacky Wizards
14%
Anime Last Stand
0%
Are you lonely
0%
Arise Crossover
0%
Baddies
0%
Banana eats
0%
Be a parkour ninja
0%
Be a silly seal
0%
Be crushed by a speeding wall
0%
Ben 10 super hero time
0%
Berry Avenue
0%
Blade ball
0%
Blocks n' props
0%
Bloxy Bingo
0%
Brainrot evolution
0%
Brainrot.io
0%
Brawl-blox
0%
Build to survive
0%
Burgeria tycoon
0%
Carry an egg
0%
Cart Ride into El gato
0%
Classic crossroads
0%
Color or die
0%
[Content deleted]
0%
Cook Burgers
0%
Dandy's world
0%
Death ball
0%
Don't press the button 4
0%
Easy obby
0%
Eat blogs simulator
0%
Eat the world
0%
Escape papa pizza's pizzeria
0%
Escape Running Head
0%
Expedition antarctica
0%
Find the binguses
0%
Find the button
0%
Find the cans
0%
Find the ducks
0%
Find the floppa morphs
0%
Find the gubbys
0%
Find the minions
0%
Find the mochi
0%
Find the pou poos
0%
Find the roblox games
0%
Find the simpsons
0%
Find the stickmen
0%
Fnaf co-op
0%
Garden tower defense
0%
Growing up
0%
Hole in the wall
0%
Hotel
0%
Identity fraud
0%
Lamber tycoon 2
0%
Legends od speed
0%
LifeTogether
0%
Locofficial
0%
Lucky blocks battlegrounds
0%
Make a cake
0%
Mega noob simulator
0%
Meme sea
0%
MIC UP
0%
Mines
0%
Mining simulator
0%
Muscle Legends
0%
My restaurant
0%
My Singing Brainrot
0%
My snowball
0%
Noob train
0%
Omega Obby
0%
Pilfering pirates
0%
Plants Vs Brainrots
0%
Pls donate
0%
Pressure
0%
Pull a sword
0%
Retrostudio
0%
Rickey rat
0%
Salon de fiestas
0%
Shrek in the backrooms
0%
Slap Tower 4
0%
Snowboard obby
0%
Speed draw
0%
Spongebob tower defense
0%
Spray paint
0%
Sprunki
0%
Steal a fish
0%
Super golf
0%
Super League Soccer!
0%
Survive and kill the killers in area 51
0%
Survive the killer
0%
The classic
0%
The dropper
0%
The logo quiz
0%
The maze
0%
The rake
0%
Together
0%
Touch football
0%
Treasure hunt simulator
0%
T-Titans battlegrounds
0%
Vacation
0%
Waterpark
0%
Webbed
0%
Wormface
0%
Zombie attack
0%
Zombie Uprising
0%
No matching quizzes found
Score Distribution
Percent of People with Each Score
Percentile by Number Answered
Your Score History
You have not taken this quiz since the last reset